[Event "DEM U16w 2014"]
[Site "Magdeburg GER"]
[Date "2014.06.10"]
[Round "5"]
[White "Kluge, Leyla"]
[Black "Silber, Stefanie"]
[Result "1/2-1/2"]
[Termination "normal"]
[Board "9"]
[WhiteElo "1702"]
[BlackElo "1404"]
[PlyCount "91"]
[WhiteFideId "12918172"]
[BlackFideId "12918245"]
[EventCountry "GER"]
[EventRounds "9"]
[EventType "swiss"]
[EventDate "2014.06.07"]

1. c4 e5 2. Nc3 Nf6 3. g3 Bc5 4. Bg2 O-O 5. d3 h6 6. Nf3 d6 7. O-O Nc6 8. a3
Re8 9. b4 Bb6 10. e3 Bg4 11. h3 Bh5 12. Qc2 Bg6 13. Bb2 Qd7 14. Kh2 Rad8 15.
Rac1 e4 16. dxe4 Nxe4 17. Nxe4 Bxe4 18. Qc3 f6 19. Nd4 Bxg2 20. Kxg2 Bxd4 21.
exd4 d5 22. c5 Ne7 23. Qd3 c6 24. Rfe1 Qf5 25. Qe3 Kf7 26. g4 Qd7 27. Qg3 g5
28. f4 Qc7 29. f5 Qxg3+ 30. Kxg3 Nc8 31. a4 Rxe1 32. Rxe1 Re8 33. Rxe8 Kxe8 34.
Kf3 a6 35. Ke3 Kd7 36. Kd3 Kc7 37. h4 Kd7 38. hxg5 hxg5 39. Bc1 Ke7 40. Be3 Kd7
41. Bf2 Ke7 42. Bg3 Kd7 43. Kc3 Ke7 44. Bh2 Kf7 45. Bb8 b5 46. a5 1/2-1/2

[Event "DEM U16w 2014"]
[Site "Magdeburg GER"]
[Date "2014.06.10"]
[Round "5"]
[White "Alsheimer, Lea"]
[Black "Bork, Sophie"]
[Result "1/2-1/2"]
[Termination "normal"]
[Board "10"]
[WhiteElo "1663"]
[BlackElo "1539"]
[PlyCount "64"]
[WhiteFideId "12918180"]
[BlackFideId "12905429"]
[EventCountry "GER"]
[EventRounds "9"]
[EventType "swiss"]
[EventDate "2014.06.07"]

1. e4 e5 2. Nf3 Nc6 3. Bc4 Bc5 4. O-O d6 5. c3 Nf6 6. d4 Bb6 7. dxe5 Nxe5 8.
Nxe5 dxe5 9. Qxd8+ Kxd8 10. Bg5 Ke7 11. Kh1 Be6 12. Na3 h6 13. Bxf6+ Kxf6 14.
Rad1 Rad8 15. f3 Ke7 16. Bxe6 Kxe6 17. Nc4 f6 18. g3 h5 19. h3 Ke7 20. Kg2 Rhf8
21. Rfe1 Rf7 22. Rxd8 Kxd8 23. Nxb6 axb6 24. Rd1+ Rd7 25. Rxd7+ Kxd7 26. Kf2
Kc6 27. Ke3 Kb5 28. b3 c5 29. Kd3 Kc6 30. Kc4 b5+ 31. Kd3 Kb6 32. b4 c4+
1/2-1/2

[Event "DEM U16w 2014"]
[Site "Magdeburg GER"]
[Date "2014.06.10"]
[Round "5"]
[White "Winterberg, Johanna"]
[Black "Rosmait, Emily"]
[Result "0-1"]
[Termination "normal"]
[Board "11"]
[WhiteElo "1369"]
[BlackElo "1771"]
[PlyCount "42"]
[WhiteFideId "12929344"]
[BlackFideId "12937754"]
[EventCountry "GER"]
[EventRounds "9"]
[EventType "swiss"]
[EventDate "2014.06.07"]

1. Nc3 Nf6 2. e4 d6 3. f4 g6 4. Bc4 c6 5. e5 dxe5 6. fxe5 Bg4 7. Nf3 Nd5 8.
Bxd5 cxd5 9. d4 Bg7 10. h3 Bxf3 11. Qxf3 e6 12. Bd2 Nc6 13. Nb5 O-O 14. c3 a6
15. Nd6 f6 16. Nxb7 Qe7 17. Nc5 fxe5 18. Qg4 exd4 19. Na4 dxc3 20. Nxc3 Nb4 21.
Kd1 Nd3 0-1

[Event "DEM U16w 2014"]
[Site "Magdeburg GER"]
[Date "2014.06.10"]
[Round "5"]
[White "Morio, Estelle"]
[Black "Schneider, Sabrina"]
[Result "1/2-1/2"]
[Termination "normal"]
[Board "13"]
[WhiteElo "1513"]
[BlackElo "1630"]
[PlyCount "53"]
[WhiteFideId "12951951"]
[BlackFideId "12951986"]
[EventCountry "GER"]
[EventRounds "9"]
[EventType "swiss"]
[EventDate "2014.06.07"]

1. f4 g6 2. e4 Bg7 3. Nc3 d6 4. Nf3 Nd7 5. d4 a6 6. Bd3 c5 7. d5 b5 8. a3 Bb7
9. O-O Ngf6 10. h3 O-O 11. Qe1 c4 12. Be2 Nc5 13. Bd1 Re8 14. Nh4 Nfd7 15. Bf3
Rb8 16. Be3 Qc7 17. Rb1 Nb6 18. Qd2 Bf6 19. g3 Qd7 20. Kh2 Bc8 21. Bg2 Nba4 22.
Nd1 Qc7 23. b3 Nb6 24. Nf2 Bd7 25. Ng4 Bxg4 26. hxg4 Ncd7 27. Nf3 1/2-1/2

[Event "DEM U16w 2014"]
[Site "Magdeburg GER"]
[Date "2014.06.10"]
[Round "5"]
[White "Merker, Vivien"]
[Black "Schmid, Katharina"]
[Result "1/2-1/2"]
[Termination "normal"]
[Board "14"]
[WhiteElo "1221"]
[BlackElo "1413"]
[PlyCount "61"]
[WhiteFideId "12927260"]
[BlackFideId "12918210"]
[EventCountry "GER"]
[EventRounds "9"]
[EventType "swiss"]
[EventDate "2014.06.07"]

1. e4 e5 2. Nf3 Nc6 3. Bc4 Nf6 4. d3 Bc5 5. c3 d6 6. O-O Bg4 7. Nbd2 a6 8. b4
Ba7 9. Bb2 Ne7 10. a4 O-O 11. Re1 Ng6 12. d4 Re8 13. Qc2 Qd7 14. Rab1 Nf4 15.
Be2 Nxe2+ 16. Rxe2 Nh5 17. Re3 Nf4 18. g3 Nh5 19. Nh4 Re6 20. a5 Rae8 21. f3
Bh3 22. Kf2 g5 23. Nf5 Bxf5 24. exf5 Rf6 25. g4 Nf4 26. Nf1 h5 27. Ng3 h4 28.
Ne4 Rh6 29. Nxg5 d5 30. Rbe1 Qd8 31. Nxf7 1/2-1/2

[Event "DEM U16w 2014"]
[Site "Magdeburg GER"]
[Date "2014.06.10"]
[Round "5"]
[White "Titgemeyer, Eva Maria"]
[Black "Hartmann, Jasmin"]
[Result "1-0"]
[Termination "normal"]
[Board "15"]
[WhiteElo "1496"]
[BlackElo "1329"]
[PlyCount "77"]
[WhiteFideId "24655350"]
[BlackFideId "12988898"]
[EventCountry "GER"]
[EventRounds "9"]
[EventType "swiss"]
[EventDate "2014.06.07"]

1. e4 e5 2. Nf3 Nc6 3. Bc4 Bc5 4. O-O Nf6 5. d4 Bxd4 6. Nxd4 Nxd4 7. f4 d6 8.
fxe5 dxe5 9. Bg5 Be6 10. Na3 h6 11. Bxf6 gxf6 12. c3 Nc6 13. Qf3 Bxc4 14. Nxc4
Rg8 15. Qxf6 Qxf6 16. Rxf6 O-O-O 17. Rxf7 b5 18. Ne3 Rd3 19. Nd5 Rd2 20. g3 Kb8
21. Rxc7 h5 22. Rxc6 h4 23. Nf6 Rg5 24. g4 Kb7 25. Rc5 Rg6 26. Rxb5+ Ka6 27.
Rxe5 Rxf6 28. Rf1 Rfd6 29. h3 Rxb2 30. Rd5 Rdb6 31. e5 Rb8 32. e6 Rxa2 33. e7
Re2 34. Rf6+ Kb7 35. Rb5+ Kc7 36. Rxb8 Kxb8 37. Rf8+ Kc7 38. e8=Q Rxe8 39. Rxe8
1-0

[Event "DEM U16w 2014"]
[Site "Magdeburg GER"]
[Date "2014.06.11"]
[Round "6"]
[White "Böhm, Jana"]
[Black "Bluhm, Sonja Maria"]
[Result "0-1"]
[Termination "normal"]
[Board "1"]
[WhiteElo "1773"]
[BlackElo "2095"]
[WhiteClock "00:39:13"]
[BlackClock "00:25:29"]
[PlyCount "86"]
[WhiteFideId "24661589"]
[BlackFideId "24654027"]
[EventCountry "GER"]
[EventRounds "9"]
[EventType "swiss"]
[EventDate "2014.06.07"]

1. e4 c5 2. Nf3 Nc6 3. d4 cxd4 4. Nxd4 Nf6 5. Nc3 d6 6. Bg5 e6 7. Qd2 Qb6 8.
Bxf6 gxf6 9. Nb3 Be7 10. O-O-O a6 11. f4 Bd7 12. Be2 h5 13. Rhf1 O-O-O 14. Rf3
Rdg8 15. Bf1 Kb8 16. Rh3 Na5 17. Nxa5 Qxa5 18. Kb1 Bc6 19. Qf2 Qc5 20. Qxc5
dxc5 21. Be2 Rxg2 22. Rxh5 Rxh2 23. Rxh8+ Rxh8 24. f5 Kc7 25. Kc1 Bd6 26. Rg1
Bf4+ 27. Kb1 Rh7 28. fxe6 fxe6 29. Bc4 Kd7 30. Ne2 Be5 31. Bd3 c4 32. Bxc4 Bxe4
33. Bd3 Bxd3 34. cxd3 Rh2 35. Nc3 f5 36. Re1 Bd4 37. Ne2 Bf6 38. Nc3 Bd4 39.
Re2 Rh3 40. Kc2 f4 41. Re4 e5 42. Ne2 f3 43. Nxd4 f2 0-1

[Event "DEM U16w 2014"]
[Site "Magdeburg GER"]
[Date "2014.06.11"]
[Round "6"]
[White "Schumann, Rabea"]
[Black "Wiesner, Paula"]
[Result "0-1"]
[Termination "normal"]
[Board "2"]
[WhiteElo "1680"]
[BlackElo "1949"]
[WhiteClock "00:02:39"]
[BlackClock "00:10:16"]
[PlyCount "80"]
[WhiteFideId "12918199"]
[BlackFideId "24654019"]
[EventCountry "GER"]
[EventRounds "9"]
[EventType "swiss"]
[EventDate "2014.06.07"]

1. c4 e6 2. g3 d5 3. Bg2 Nf6 4. Nf3 dxc4 5. O-O c6 6. Na3 Be7 7. Nxc4 b5 8.
Nce5 Bb7 9. d4 O-O 10. Qc2 Qb6 11. Bd2 Rc8 12. b4 Nbd7 13. e3 Qc7 14. Rfc1 Bd6
15. Nd3 Nd5 16. a3 N5b6 17. Ng5 Be7 18. Ne4 Nc4 19. Nec5 Ndb6 20. Bc3 Nd5 21.
Qe2 a5 22. Be1 Ra7 23. Nb2 Ndb6 24. Nxc4 Nxc4 25. Qh5 axb4 26. Bxb4 Rca8 27.
Nxb7 Bxb4 28. Nc5 Bxa3 29. Rxc4 bxc4 30. Rb1 e5 31. Qf3 Bxc5 32. dxc5 Ra1 33.
Rf1 Rxf1+ 34. Bxf1 c3 35. Qe4 Qd7 36. Bd3 Ra1+ 37. Kg2 Qd5 38. Qxd5 cxd5 39. c6
Ra7 40. Kf3 e4+ 0-1

[Event "DEM U16w 2014"]
[Site "Magdeburg GER"]
[Date "2014.06.11"]
[Round "6"]
[White "Schwarz, Larissa"]
[Black "Fesselier, Melissa"]
[Result "0-1"]
[Termination "normal"]
[Board "3"]
[WhiteElo "1895"]
[BlackElo "1818"]
[WhiteClock "00:08:11"]
[BlackClock "00:07:25"]
[PlyCount "80"]
[WhiteFideId "24699004"]
[BlackFideId "20689284"]
[EventCountry "GER"]
[EventRounds "9"]
[EventType "swiss"]
[EventDate "2014.06.07"]

1. e4 c5 2. Nf3 e6 3. d3 Nc6 4. g3 g6 5. Bg5 Qc7 6. Bg2 Bg7 7. c3 h6 8. Be3 d6
9. O-O Nf6 10. Re1 O-O 11. h3 Bd7 12. Qc1 Kh7 13. Nbd2 Rac8 14. Nf1 b5 15. Bd2
b4 16. Qd1 bxc3 17. Bxc3 e5 18. Rc1 Qb7 19. a3 Nd4 20. Nxd4 cxd4 21. Bb4 Qa6
22. Nh2 Rxc1 23. Qxc1 Rc8 24. Qd2 Ba4 25. Rc1 Rxc1+ 26. Qxc1 Qxd3 27. Qd2 Qb1+
28. Nf1 Nxe4 29. Qe2 d5 30. Qa6 Qc2 31. Bxe4 dxe4 32. Qxa7 e3 33. Qxf7 Bb3 34.
Qf3 e2 35. Nh2 Qd1+ 36. Kg2 Bc4 37. Qc6 Qf1+ 38. Nxf1 exf1=Q+ 39. Kh2 Qxf2+ 40.
Kh1 Be2 0-1

[Event "DEM U16w 2014"]
[Site "Magdeburg GER"]
[Date "2014.06.11"]
[Round "6"]
[White "Heinemann, Josefine"]
[Black "Brandl, Lea Maria"]
[Result "1-0"]
[Termination "normal"]
[Board "4"]
[WhiteElo "2024"]
[BlackElo "1775"]
[WhiteClock "00:49:58"]
[BlackClock "00:00:37"]
[PlyCount "81"]
[WhiteFideId "12900460"]
[BlackFideId "24693049"]
[EventCountry "GER"]
[EventRounds "9"]
[EventType "swiss"]
[EventDate "2014.06.07"]

1. e4 c5 2. Nf3 d6 3. d4 cxd4 4. Nxd4 Nf6 5. Nc3 a6 6. h3 e5 7. Nde2 h5 8. Bg5
Nbd7 9. Nd5 Be7 10. Nxe7 Qxe7 11. Nc3 Qe6 12. Qd2 b6 13. O-O-O Bb7 14. f3 O-O-O
15. Qxd6 Qxd6 16. Rxd6 Kc7 17. Rd1 Rde8 18. Bc4 Rhf8 19. h4 b5 20. Bb3 Nc5 21.
Nd5+ Nxd5 22. Bxd5 Bxd5 23. Rxd5 Ne6 24. Be3 f6 25. Rhd1 Rd8 26. a4 Rxd5 27.
exd5 Nd8 28. axb5 axb5 29. b3 Nb7 30. Kb2 Kd6 31. c4 bxc4 32. bxc4 Rc8 33. Kc3
Nc5 34. Ra1 Rb8 35. Bxc5+ Kxc5 36. Ra5+ Kd6 37. Ra6+ Ke7 38. c5 g6 39. Ra7+ Kd8
40. d6 Rc8 41. Kc4 1-0

[Event "DEM U16w 2014"]
[Site "Magdeburg GER"]
[Date "2014.06.11"]
[Round "6"]
[White "Gaßmann, Linda"]
[Black "Koch, Elisabeth"]
[Result "1/2-1/2"]
[Termination "normal"]
[Board "5"]
[WhiteElo "1844"]
[BlackElo "1731"]
[WhiteClock "00:09:24"]
[BlackClock "00:51:53"]
[PlyCount "107"]
[WhiteFideId "12900451"]
[BlackFideId "24695068"]
[EventCountry "GER"]
[EventRounds "9"]
[EventType "swiss"]
[EventDate "2014.06.07"]

1. d4 d5 2. c4 e6 3. Nc3 Nf6 4. cxd5 exd5 5. Bg5 Be7 6. Nf3 O-O 7. e3 Be6 8.
Bd3 b6 9. Qc2 h6 10. Bxf6 Bxf6 11. O-O c5 12. dxc5 bxc5 13. Na4 c4 14. Be2 Nc6
15. Rad1 Qa5 16. Nc3 Rab8 17. Qd2 Rfd8 18. Nd4 Bxd4 19. exd4 Qb6 20. Na4 Qb5
21. b3 Qb4 22. Qc2 cxb3 23. Qxc6 Bd7 24. Qc7 Bxa4 25. axb3 Bxb3 26. Ra1 Qxd4
27. Rxa7 Qf6 28. Rb1 Rdc8 29. Qa5 Bc4 30. Rxb8 Rxb8 31. Ra8 Rxa8 32. Qxa8+ Kh7
33. Bxc4 dxc4 34. Qe4+ Qg6 35. Qxc4 Qb1+ 36. Qf1 Qb3 37. g3 Qf3 38. Qb1+ Kg8
39. Qc2 Qa8 40. Qe2 Kf8 41. f3 Qa7+ 42. Kg2 Qe7 43. Qxe7+ Kxe7 44. Kf2 Ke6 45.
Ke3 Ke5 46. f4+ Kd5 47. g4 g5 48. fxg5 hxg5 49. Kd3 Ke5 50. Ke3 f5 51. gxf5
Kxf5 52. Kf3 g4+ 53. Kg3 Kg5 54. h3 1/2-1/2

[Event "DEM U16w 2014"]
[Site "Magdeburg GER"]
[Date "2014.06.11"]
[Round "6"]
[White "Weber, Sandra"]
[Black "Manusina, Nicole"]
[Result "1/2-1/2"]
[Termination "normal"]
[Board "6"]
[WhiteElo "1774"]
[BlackElo "1871"]
[WhiteClock "00:24:17"]
[BlackClock "00:32:04"]
[PlyCount "87"]
[WhiteFideId "1270049"]
[BlackFideId "24657514"]
[EventCountry "GER"]
[EventRounds "9"]
[EventType "swiss"]
[EventDate "2014.06.07"]

1. e4 c6 2. d4 d5 3. Nc3 dxe4 4. Nxe4 Bf5 5. Ng3 Bg6 6. h4 h6 7. Nf3 Nd7 8. h5
Bh7 9. Bd3 Bxd3 10. Qxd3 e6 11. Bd2 Ngf6 12. O-O-O Be7 13. Qe2 O-O 14. Kb1 Qb6
15. c4 Rfe8 16. Ne5 c5 17. Nxd7 Nxd7 18. d5 exd5 19. cxd5 Bf6 20. Be3 a5 21.
Rd2 a4 22. Nf5 a3 23. b3 Qa5 24. Rc2 Qc7 25. d6 Qc6 26. Rh3 Qe4 27. Ne7+ Bxe7
28. dxe7 Rxe7 29. Rg3 Kh7 30. Rg4 Qf5 31. Rh4 b6 32. g4 Qe4 33. Rh3 Nf6 34. Rg3
Nd5 35. Qc4 Nxe3 36. Rxe3 Qxc4 37. Rxc4 Rxe3 38. fxe3 Re8 39. e4 Re5 40. b4 b5
41. Rxc5 Rxe4 42. Rxb5 Rxg4 43. Kc2 f5 44. Kb3 1/2-1/2

[Event "DEM U16w 2014"]
[Site "Magdeburg GER"]
[Date "2014.06.11"]
[Round "6"]
[White "Rosmait, Emily"]
[Black "Zahn, Alina"]
[Result "1/2-1/2"]
[Termination "normal"]
[Board "7"]
[WhiteElo "1771"]
[BlackElo "1974"]
[WhiteClock "00:22:50"]
[BlackClock "00:12:05"]
[PlyCount "90"]
[WhiteFideId "12937754"]
[BlackFideId "24696730"]
[EventCountry "GER"]
[EventRounds "9"]
[EventType "swiss"]
[EventDate "2014.06.07"]

1. e4 e5 2. Nf3 Nc6 3. Bb5 a6 4. Ba4 d6 5. d4 Bd7 6. O-O g6 7. Re1 Bg7 8. c3
Nf6 9. Nbd2 O-O 10. dxe5 dxe5 11. Bb3 Qe7 12. a4 Rad8 13. Qc2 Nh5 14. Nc4 Bg4
15. Bg5 Bf6 16. Bxf6 Qxf6 17. Nfd2 Nf4 18. Ne3 Qg5 19. Ndf1 h5 20. Nxg4 Qxg4
21. Ne3 Qg5 22. Kh1 Rd6 23. Rad1 Rfd8 24. Rxd6 Rxd6 25. Rd1 Qd8 26. Rxd6 Qxd6
27. Bc4 Na5 28. Bf1 Kg7 29. Nc4 Nxc4 30. Bxc4 Qc6 31. Bf1 a5 32. g3 Ne6 33. Bb5
Qc5 34. Qd2 c6 35. Bd3 Qd6 36. Qe3 Nc5 37. Bc2 Ne6 38. Qd3 Qc5 39. Kg2 Qe7 40.
h4 Qc7 41. Qc4 Qd6 42. Qd3 Qc7 43. Qc4 Qd6 44. Qd3 Qe7 45. Qe3 Qc7 1/2-1/2

[Event "DEM U16w 2014"]
[Site "Magdeburg GER"]
[Date "2014.06.11"]
[Round "6"]
[White "Kempe, Anne"]
[Black "Silber, Stefanie"]
[Result "1-0"]
[Termination "normal"]
[Board "8"]
[WhiteElo "1805"]
[BlackElo "1404"]
[PlyCount "75"]
[WhiteFideId "12918083"]
[BlackFideId "12918245"]
[EventCountry "GER"]
[EventRounds "9"]
[EventType "swiss"]
[EventDate "2014.06.07"]

1. e4 c6 2. Nf3 d5 3. Nc3 dxe4 4. Nxe4 Bf5 5. Ng3 Bg6 6. h4 h6 7. Ne5 Bh7 8.
Qh5 g6 9. Qf3 Nf6 10. Qb3 e6 11. Qxb7 Nbd7 12. Nxc6 Qc8 13. Ba6 Nb6 14. Qxc8+
Nxc8 15. Bb7 Nb6 16. Bxa8 Nxa8 17. d3 Bg7 18. O-O O-O 19. c3 a6 20. Be3 Kh8 21.
Bd4 Rc8 22. Ne5 Kg8 23. Ne4 Nxe4 24. dxe4 g5 25. hxg5 hxg5 26. f3 Nc7 27. Nc6
Kf8 28. Rad1 Nb5 29. Bxg7+ Kxg7 30. Ne5 Rc7 31. Rd7 Kf6 32. Rxc7 Nxc7 33. Nd7+
Ke7 34. Rd1 Bg8 35. Nc5 Ke8 36. Rd7 Na8 37. Ra7 Nb6 38. Rxa6 1-0

[Event "DEM U16w 2014"]
[Site "Magdeburg GER"]
[Date "2014.06.11"]
[Round "6"]
[White "Nobis, Anna"]
[Black "Kluge, Leyla"]
[Result "1-0"]
[Termination "normal"]
[Board "9"]
[WhiteElo "1797"]
[BlackElo "1702"]
[PlyCount "95"]
[WhiteFideId "1270302"]
[BlackFideId "12918172"]
[EventCountry "GER"]
[EventRounds "9"]
[EventType "swiss"]
[EventDate "2014.06.07"]

1. e4 c5 2. Nf3 d5 3. exd5 Qxd5 4. Nc3 Qd8 5. d4 cxd4 6. Nxd4 a6 7. Bc4 e6 8.
Be3 Nf6 9. Qf3 Be7 10. Qg3 O-O 11. Rd1 Qa5 12. O-O Nbd7 13. f4 Nc5 14. f5 Nce4
15. Nxe4 Nxe4 16. Qg4 Nf6 17. Qe2 exf5 18. a3 Bd6 19. Nf3 Qc7 20. Bd4 Re8 21.
Qd3 Ng4 22. h3 Nh2 23. Nxh2 Bxh2+ 24. Kh1 Be6 25. Bxe6 fxe6 26. Qb3 Kh8 27. Bb6
Qe5 28. Rfe1 Qg3 29. Re3 Qf4 30. g3 Qf2 31. Red3 Qe2 32. R3d2 Qe5 33. Kxh2 f4
34. gxf4 Qxf4+ 35. Qg3 e5 36. Qxf4 exf4 37. Rd8 Kg8 38. Rxa8 Rxa8 39. Rd8+ Rxd8
40. Bxd8 h6 41. h4 Kf7 42. Kh3 Ke6 43. Kg4 Kd5 44. Kxf4 g5+ 45. Bxg5 hxg5+ 46.
Kxg5 Ke6 47. Kg6 Ke7 48. Kg7 1-0

[Event "DEM U16w 2014"]
[Site "Magdeburg GER"]
[Date "2014.06.11"]
[Round "6"]
[White "Lemke, Berfîn"]
[Black "Merker, Vivien"]
[Result "1-0"]
[Termination "normal"]
[Board "10"]
[WhiteElo "1613"]
[BlackElo "1221"]
[PlyCount "51"]
[WhiteFideId "1270578"]
[BlackFideId "12927260"]
[EventCountry "GER"]
[EventRounds "9"]
[EventType "swiss"]
[EventDate "2014.06.07"]

1. d4 Nf6 2. f3 d6 3. e4 g6 4. Bc4 Bg7 5. Ne2 O-O 6. O-O Nbd7 7. Bg5 Re8 8. Ng3
e5 9. d5 a5 10. Qd2 Nb6 11. Bd3 Bd7 12. Bh6 c6 13. c4 cxd5 14. cxd5 a4 15. Na3
Rc8 16. Be3 Na8 17. Nb5 Bxb5 18. Bxb5 Re7 19. Bxa4 Rec7 20. Rac1 Kh8 21. Rxc7
Rxc7 22. Rc1 Rxc1+ 23. Qxc1 Qa5 24. Qc8+ Ng8 25. Be8 f5 26. Bf7 1-0

[Event "DEM U16w 2014"]
[Site "Magdeburg GER"]
[Date "2014.06.11"]
[Round "6"]
[White "Gatzke, Carolin"]
[Black "Morio, Estelle"]
[Result "0-1"]
[Termination "normal"]
[Board "11"]
[WhiteElo "1726"]
[BlackElo "1513"]
[PlyCount "96"]
[WhiteFideId "12943746"]
[BlackFideId "12951951"]
[EventCountry "GER"]
[EventRounds "9"]
[EventType "swiss"]
[EventDate "2014.06.07"]

1. e4 d6 2. d4 Nf6 3. Nc3 Nbd7 4. Nf3 e5 5. Bc4 Be7 6. O-O O-O 7. a4 a5 8. Re1
c6 9. Ba2 Qc7 10. h3 h6 11. Be3 Re8 12. Nh4 Nf8 13. Nf3 Be6 14. Nd2 Bxa2 15.
Rxa2 N8d7 16. Ra1 Nb6 17. Ne2 Kh7 18. c4 Nbd7 19. Nc3 Rf8 20. Rb1 Rab8 21. f4
Ne8 22. Nf3 Rd8 23. Kh1 f5 24. exf5 Rxf5 25. Qc2 g6 26. g4 Rf7 27. dxe5 dxe5
28. Nxe5 Nxe5 29. fxe5 Ng7 30. Bg1 Ne6 31. Bh2 Bh4 32. Red1 Rf2 33. Qe4 Rdf8
34. Rd3 Rf1+ 35. Bg1 Nc5 36. Rxf1 Rxf1 37. Qe2 Re1 38. Qf3 Nxd3 39. Qxd3 Bf2
40. Ne2 Qxe5 41. Qf3 Bxg1 42. Nxg1 Qe4 43. Kh2 Qxf3 44. Nxf3 Re2+ 45. Kg3 Rxb2
46. Ne5 Rb4 47. Nd7 Rxa4 48. Nc5 Rxc4 0-1

[Event "DEM U16w 2014"]
[Site "Magdeburg GER"]
[Date "2014.06.11"]
[Round "6"]
[White "Schneider, Sabrina"]
[Black "Alsheimer, Lea"]
[Result "1-0"]
[Termination "normal"]
[Board "12"]
[WhiteElo "1630"]
[BlackElo "1663"]
[PlyCount "73"]
[WhiteFideId "12951986"]
[BlackFideId "12918180"]
[EventCountry "GER"]
[EventRounds "9"]
[EventType "swiss"]
[EventDate "2014.06.07"]

1. e4 e6 2. d4 d5 3. Nd2 Nf6 4. e5 Nfd7 5. f4 c5 6. c3 Nc6 7. Ndf3 Qb6 8. Ne2
cxd4 9. cxd4 Bb4+ 10. Bd2 Be7 11. Bc3 O-O 12. g3 f6 13. Bh3 Nd8 14. O-O Nf7 15.
Kg2 f5 16. Qd2 Qd8 17. g4 fxg4 18. Bxg4 Nb6 19. Rg1 Nh6 20. Kh1 Qe8 21. Qe1
Nxg4 22. Rxg4 Qh5 23. Qg3 Rf7 24. Rg1 Qh6 25. Ng5 Bxg5 26. Rxg5 Kh8 27. Qg2 Nc4
28. Rg3 g6 29. Rh3 Qg7 30. b3 Nb6 31. Be1 Kg8 32. Bh4 Nd7 33. Bg5 b6 34. Bh6
Qh8 35. Ng3 Ba6 36. Nh5 Bd3 37. Rxd3 1-0

[Event "DEM U16w 2014"]
[Site "Magdeburg GER"]
[Date "2014.06.11"]
[Round "6"]
[White "Bork, Sophie"]
[Black "Winterberg, Johanna"]
[Result "1-0"]
[Termination "normal"]
[Board "13"]
[WhiteElo "1539"]
[BlackElo "1369"]
[PlyCount "63"]
[WhiteFideId "12905429"]
[BlackFideId "12929344"]
[EventCountry "GER"]
[EventRounds "9"]
[EventType "swiss"]
[EventDate "2014.06.07"]

1. e4 c5 2. c3 Nf6 3. e5 Nd5 4. Nf3 Nc6 5. d4 cxd4 6. cxd4 d6 7. Bc4 Nb6 8. Bb5
dxe5 9. Nxe5 Bd7 10. Nxd7 Qxd7 11. Nc3 e6 12. O-O Be7 13. Qg4 O-O 14. Bxc6 bxc6
15. Bh6 Bf6 16. Rfd1 Qe7 17. Ne4 Nd5 18. Rac1 Rfc8 19. Rd3 Kh8 20. Bd2 Rab8 21.
b3 Nb4 22. Bxb4 Rxb4 23. d5 Qd8 24. d6 Be5 25. Qe2 Qh4 26. Ng3 Rd4 27. d7 Rd8
28. Rxc6 Rxd3 29. Qxd3 Qe7 30. Rc8 g6 31. Qb5 Kg7 32. Qxe5+ 1-0

[Event "DEM U16w 2014"]
[Site "Magdeburg GER"]
[Date "2014.06.11"]
[Round "6"]
[White "Denk, Corinna"]
[Black "Titgemeyer, Eva Maria"]
[Result "0-1"]
[Termination "normal"]
[Board "14"]
[WhiteElo "1221"]
[BlackElo "1496"]
[PlyCount "78"]
[WhiteFideId "12988545"]
[BlackFideId "24655350"]
[EventCountry "GER"]
[EventRounds "9"]
[EventType "swiss"]
[EventDate "2014.06.07"]

1. e4 e5 2. Nf3 Nc6 3. Bc4 Nf6 4. d3 Be7 5. Be3 d6 6. Nbd2 Na5 7. Bb3 Nxb3 8.
Nxb3 O-O 9. Qe2 a5 10. h3 Kh8 11. g4 Be6 12. Nbd2 b5 13. Ng5 Bd7 14. O-O-O h6
15. Ngf3 Be6 16. Kb1 c5 17. g5 hxg5 18. Nxg5 a4 19. Nxe6 fxe6 20. Rdg1 a3 21.
b3 Qa5 22. c4 Qc3 23. Nf3 bxc4 24. Qd2 Qxd3+ 25. Qxd3 cxd3 26. Ng5 Rab8 27. Rc1
Rb4 28. Bd2 Nxe4 29. Bxb4 Bxg5 30. Rce1 cxb4 31. Rxe4 Rxf2 32. Ree1 Rb2+ 33.
Ka1 e4 34. Rb1 Bf6 35. Rxb2 axb2+ 36. Kb1 e3 37. Rd1 e2 38. Rxd3 e1=Q+ 39. Kc2
Qc1# 0-1

[Event "DEM U16w 2014"]
[Site "Magdeburg GER"]
[Date "2014.06.11"]
[Round "6"]
[White "Schmid, Katharina"]
[Black "Hartmann, Jasmin"]
[Result "1/2-1/2"]
[Termination "normal"]
[Board "15"]
[WhiteElo "1413"]
[BlackElo "1329"]
[PlyCount "43"]
[WhiteFideId "12918210"]
[BlackFideId "12988898"]
[EventCountry "GER"]
[EventRounds "9"]
[EventType "swiss"]
[EventDate "2014.06.07"]

1. e4 e6 2. d4 b6 3. Nf3 Bb7 4. Bd3 Nf6 5. Qe2 d5 6. e5 Ne4 7. O-O Be7 8. Be3
O-O 9. Nbd2 f5 10. exf6 Rxf6 11. Ne5 Nd7 12. f4 c5 13. c3 Rc8 14. Qg4 Rh6 15.
Nxd7 Qxd7 16. Nf3 cxd4 17. Bxd4 Bc5 18. Rae1 Rg6 19. Qh3 Rh6 20. Qg4 Rg6 21.
Qh3 Rh6 22. Qg4 1/2-1/2

[Event "DEM U16w 2014"]
[Site "Magdeburg GER"]
[Date "2014.06.13"]
[Round "8"]
[White "Schwarz, Larissa"]
[Black "Bluhm, Sonja Maria"]
[Result "0-1"]
[Termination "normal"]
[Board "1"]
[WhiteElo "1895"]
[BlackElo "2095"]
[WhiteClock "00:04:30"]
[BlackClock "00:02:15"]
[PlyCount "120"]
[WhiteFideId "24699004"]
[BlackFideId "24654027"]
[EventCountry "GER"]
[EventRounds "9"]
[EventType "swiss"]
[EventDate "2014.06.07"]

1. e4 e5 2. Nf3 Nc6 3. Bb5 a6 4. Ba4 Nf6 5. O-O Be7 6. Re1 b5 7. Bb3 d6 8. c3
O-O 9. h3 Nb8 10. d4 Nbd7 11. Nbd2 Bb7 12. Bc2 Re8 13. Nf1 Bf8 14. Ng3 g6 15.
a4 Bg7 16. Bg5 h6 17. Bd2 c6 18. b3 Qc7 19. dxe5 dxe5 20. Qe2 Nc5 21. Be3 Ne6
22. c4 Nf4 23. Qd2 bxc4 24. bxc4 c5 25. Nxe5 Nxh3+ 26. gxh3 Qxe5 27. Bxh6 Nh7
28. Bxg7 Kxg7 29. h4 Rad8 30. Qe2 Qf4 31. Qe3 Qxh4 32. Kg2 Qg5 33. f4 Qf6 34.
Rad1 Rxd1 35. Rxd1 Rd8 36. Rxd8 Qxd8 37. Qxc5 Qd2+ 38. Qf2 Qc3 39. c5 Nf6 40.
Kg1 Ng4 41. Qg2 Qe1+ 42. Nf1 Ne3 43. Qf2 Qxf2+ 44. Kxf2 Nxc2 45. Nd2 Bc6 46. a5
Kf6 47. Ke2 Bb5+ 48. Kf3 Nd4+ 49. Ke3 Ne6 50. Nb3 Ba4 51. Nd2 Nxc5 52. Nc4 Bb5
53. Nd6 Ke6 54. e5 Bf1 55. Kf2 Bb5 56. Ke3 f6 57. Nxb5 axb5 58. exf6 Kxf6 59.
Kf3 Kf5 60. Ke3 Na6 0-1

[Event "DEM U16w 2014"]
[Site "Magdeburg GER"]
[Date "2014.06.13"]
[Round "8"]
[White "Wiesner, Paula"]
[Black "Gaßmann, Linda"]
[Result "1/2-1/2"]
[Termination "normal"]
[Board "2"]
[WhiteElo "1949"]
[BlackElo "1844"]
[WhiteClock "00:21:32"]
[BlackClock "00:40:04"]
[PlyCount "98"]
[WhiteFideId "24654019"]
[BlackFideId "12900451"]
[EventCountry "GER"]
[EventRounds "9"]
[EventType "swiss"]
[EventDate "2014.06.07"]

1. d4 Nf6 2. c4 g6 3. Nc3 d6 4. e4 Bg7 5. Be2 O-O 6. Bg5 c5 7. d5 h6 8. Bf4 Re8
9. Qd2 Kh7 10. h3 e6 11. Nf3 exd5 12. exd5 Ne4 13. Nxe4 Rxe4 14. Be3 Re8 15.
O-O Nd7 16. Bd3 Qf6 17. Rab1 Ne5 18. Nxe5 Qxe5 19. Rfe1 Qf6 20. b3 Bd7 21. Bf4
Rxe1+ 22. Rxe1 Re8 23. Rxe8 Bxe8 24. Qe3 Bd7 25. Qd2 Bf8 26. Kh2 b6 27. Qc1 Qd4
28. Qe3 Qf6 29. Qd2 Qd4 30. b4 Qf6 31. b5 Bc8 32. Bg3 Kg7 33. Qc2 Qd4 34. Qe2
Bd7 35. Qc2 Bc8 36. Qb3 Qf6 37. Qd1 Qd4 38. Qe2 Bd7 39. Qc2 Bc8 40. Qb3 Qf6 41.
Qa4 Qe7 42. Qc2 Qf6 43. Qe2 Bd7 44. a4 Qe7 45. Qd2 Qd8 46. Qe1 Qe7 47. Qd2 Qd8
48. Qe1 Qe7 49. Qd2 Qd8 1/2-1/2